000 00281nam a2200121Ia 4500
008 190216s9999||||xx |||||||||||||| ||und||
100 _aSinghle
245 0 _aMake Your Own Radio And Tranisistor
260 _bNew Heights
_c1990
300 _a204
650 _aPhysics
942 _cBK
999 _c33067
_d33067